| Tag |
First Indicator |
Second Indicator |
Subfields |
| LEADER |
00000cam a2200000Ia 4500 |
| 001 |
in00002012278 |
| 005 |
20151031155614.0 |
| 008 |
940329s1946 enk 000 0 ger d |
| 035 |
|
|
|a (OCoLC)ocm30050907
|
| 040 |
|
|
|a SJM
|c SJM
|d TXA
|d UtOrBLW
|
| 049 |
|
|
|a TXAM
|
| 090 |
|
|
|a ML50.S7
|b F73 1946
|
| 100 |
1 |
|
|a Hofmannsthal, Hugo von,
|d 1874-1929.
|
| 240 |
1 |
0 |
|a Frau ohne Schatten.
|l German
|
| 245 |
1 |
4 |
|a Die Frau ohne Schatten :
|b Oper in drei Aufzügen /
|c von Hugo von Hofmannsthal ; musik von Richard Strauss.
|
| 264 |
|
1 |
|a London :
|b Fürstner :
|b Boosey & Hawkes,
|c [1946]
|
| 264 |
|
4 |
|c ©1946
|
| 300 |
|
|
|a 91 pages ;
|c 18 cm.
|
| 336 |
|
|
|a text
|b txt
|2 rdacontent
|
| 337 |
|
|
|a unmediated
|b n
|2 rdamedia
|
| 338 |
|
|
|a volume
|b nc
|2 rdacarrier
|
| 536 |
|
|
|a From the Edward O. D. Downes Collection.
|
| 650 |
|
0 |
|a Operas
|v Librettos.
|
| 700 |
1 |
|
|a Hofmannsthal, Hugo von,
|d 1874-1929.
|t Frau ohne Schatten.
|
| 994 |
|
|
|a C0
|b TXA
|
| 948 |
|
|
|a cataloged
|b h
|c 2005/1/5
|d c
|e bhartsfi
|f 10:09:14 am
|
| 999 |
|
|
|a MARS
|
| 999 |
f |
f |
|s 463dd623-bd87-3156-bce9-372affd892ff
|i 43768f5f-a636-3c9c-878b-bbb3bf2f9552
|t 0
|
| 952 |
f |
f |
|p ric
|a Texas A&M University
|b Rellis Campus
|c Joint Library Facility
|d Remote Storage
|t 0
|e ML50.S7 F73 1946
|h Library of Congress classification
|i unmediated -- volume
|m A14831648040
|
| 998 |
f |
f |
|a ML50.S7 F73 1946
|t 0
|l Remote Storage
|